Word Links #2 - Statistics

General Stats
  • This quiz has been taken 4,648 times
    4,405 since last reset
  • The average score is 7 of 8
Answers on the Map
Answers color-coded by a green-red scale on the quiz's map according to % correct below.
 
Answer Stats
Answer % Correct
Car Makes
97%
Cats
93%
Scientists
90%
U.S. Presidents
89%
Bohr, Einstein, Newton, Tesla
82%
Cheetah, Lynx, Ocelot, Panther
81%
Ford, Garfield, Hoover, Reagan
81%
Kia, Jaguar, Skoda, Volvo
79%
No matching quizzes found
Score Distribution
Percent of People with Each Score
Percentile by Number Answered
Your Score History
You have not taken this quiz since the last reset